000 00373nam a2200157Ia 4500
008 240830s1900 xx 000 0 und d
041 _asan
082 _a1
100 _aAPATE
245 _aRAJNIGUNTUSHIT-DHANWANTRI NIGUNTU
250 _a1
260 _aSANGAI
_bN.D.
_c1900
300 _a100p
906 _aRAJNIGUNTUSHIT-DHANWANTRI NIGUNTU
999 _c1183934
_d1183934